000 00472nam a2200169Ia 4500
999 _c28463
_d28463
003 OSt
005 20210105120034.0
008 190216s9999||||xx |||||||||||||| ||und||
040 _coclc
082 _a894.812301
_bVAS/N
100 _aVasanthamony, K R
_98150
245 0 _aNimajjanam /
_cK R Vasanthamony
260 _bPen Books,
_aAluva:
_c2002.
300 _a112p
650 _aKathakal
942 _cBK
_2ddc
_h894.812301
_iVAS/N
_k894.812301
_mVAS/N